O vyučovaní viacrozmerných štatistických metód na školách ekonomického zamerania
Spôsob a možnosti vyučovania viacrozmerných štatistických metód na vysokých školách ekonomického zamerania. Kvantitatívne metódy na Ekonomickej fakulte UMB v B. Bystrici.
Enregistré dans:
| Auteur principal: | |
|---|---|
| Autres auteurs: | |
| Format: | Chapitre de livre |
| Langue: | slovaque |
| Sujets: | |
| Tags: |
Pas de tags, Soyez le premier à ajouter un tag!
|
MARC
| LEADER | 00000naa$a2200000$$$4500 | ||
|---|---|---|---|
| 001 | 0070304 | ||
| 005 | 20220323104834.1 | ||
| 041 | 0 | |a slo | |
| 044 | |a SK | ||
| 245 | 1 | 0 | |a O vyučovaní viacrozmerných štatistických metód na školách ekonomického zamerania |c Pavol Kráľ, Gabriela Nedelová |
| 520 | |a Spôsob a možnosti vyučovania viacrozmerných štatistických metód na vysokých školách ekonomického zamerania. Kvantitatívne metódy na Ekonomickej fakulte UMB v B. Bystrici. | ||
| 610 | 2 | 0 | |a metódy štatistické |
| 610 | 2 | 0 | |a metódy kvantitatívne |
| 610 | 2 | 0 | |a vyučovanie |
| 610 | 2 | 0 | |a školy vysoké odborné |
| 610 | 2 | 0 | |a štatistika |
| 100 | 1 | |a Kráľ, Pavol | |
| 700 | 1 | |a Nedelová, Gabriela | |